Giao tiếp đồ họa kỹ thuật xây dựng

Sách cung cấp cho các kỹ sư, kiến trúc sư một nền tảng kiến thức cơ bản về việc thành lập bản vẽ kỹ thuật truyền thống cũng như các kiến thức về giao tiếp đồ họa hiện đại giúp ích cho hoạt động thiết kế, chế tạo bằng máy tính điẹ...

সম্পূর্ণ বিবরণ

সংরক্ষণ করুন:
গ্রন্থ-পঞ্জীর বিবরন
প্রধান লেখক: Đăng, Văn Cứ
বিন্যাস: গ্রন্থ
ভাষা:Undetermined
প্রকাশিত: Hà Nội Giáo dục 2005
বিষয়গুলি:
ট্যাগগুলো: ট্যাগ যুক্ত করুন
কোনো ট্যাগ নেই, প্রথমজন হিসাবে ট্যাগ করুন!
Thư viện lưu trữ: Trung tâm Học liệu Trường Đại học Cần Thơ
LEADER 01061nam a2200217Ia 4500
001 CTU_132124
008 210402s9999 xx 000 0 und d
020 |c 38500 
082 |a 624.10285 
082 |b C550 
100 |a Đăng, Văn Cứ 
245 0 |a Giao tiếp đồ họa kỹ thuật xây dựng 
245 0 |c Đặng Văn Cứ chủ biên ...[ et al. ] 
260 |a Hà Nội 
260 |b Giáo dục 
260 |c 2005 
520 |a Sách cung cấp cho các kỹ sư, kiến trúc sư một nền tảng kiến thức cơ bản về việc thành lập bản vẽ kỹ thuật truyền thống cũng như các kiến thức về giao tiếp đồ họa hiện đại giúp ích cho hoạt động thiết kế, chế tạo bằng máy tính điện tử 
650 |a Computer graphics,Vẽ kỹ thuật 
650 |x Technical graphics,Đồ họa kỹ thuật 
904 |i Trọng Hải 
980 |a Trung tâm Học liệu Trường Đại học Cần Thơ